| 000 | 00541nam a22001937a 4500 | ||
|---|---|---|---|
| 005 | 20250724152858.0 | ||
| 010 | _aENG-146137 | ||
| 020 |
_c350.00 _a9788119524266 |
||
| 035 | _aEN-129669 | ||
| 037 | _bDBAD | ||
| 082 |
_aS _21 |
||
| 100 |
_aMukherjee, Ekoparnika _983317 |
||
| 245 |
_aThe Polymorphic and One Other/ _cEkoparnika Mukherjee |
||
| 250 | _a1 | ||
| 260 |
_aKolkata _bExceller Books _c2025 |
||
| 270 |
_aG1 Dream Apartment, Degree College Road _b Belgharia,Kolkata |
||
| 300 |
_a180p. _c21cm(pb) |
||
| 942 |
_2ddc _cEN _mMUK _hS |
||
| 999 |
_c212593 _d212593 |
||